ठीकरे की मंगनी / (Record no. 48132)

MARC details
000 -LEADER
fixed length control field 04673nam a22004817a 4500
005 - DATE AND TIME OF LATEST TRANSACTION
control field 20101004121758.0
010 ## - LCCN (DPL NO)
LC control number HIN-90739 B-433670-685
020 ## - INTERNATIONAL STANDARD BOOK NUMBER
Terms of availability 245.00
International Standard Book Number 8170163412
035 ## - SYSTEM CONTROL NUMBER
System control number HN-63085
035 ## - SYSTEM CONTROL NUMBER
System control number B-433670-685
037 ## - SOURCE OF ACQUISITION
Source of stock number/acquisition DBAD / PUB
037 ## - SOURCE OF ACQUISITION
Source of stock number/acquisition बल्यू बैरी
082 ## - DEWEY DECIMAL CLASSIFICATION NUMBER
Classification number
100 ## - MAIN ENTRY--PERSONAL NAME
Personal name शर्मा, नासिरा
245 ## - TITLE STATEMENT
Title ठीकरे की मंगनी /
Statement of responsibility, etc नासिरा शर्मा
246 ## - VARYING FORM OF TITLE
Title proper/short title Theekre ki mangni
Remainder of title by Nasira Sharma
260 ## - PUBLICATION, DISTRIBUTION, ETC. (IMPRINT)
Place of publication, distribution, etc नयी दिल्ली
Name of publisher, distributor, etc किताबघर प्रकाशन
Date of publication, distribution, etc 2010
270 ## - ADDRESS
Address 4855-56/24, अंसारी रोड़, दरियागंज
City नयी दिल्ली
Postal code 110002
300 ## - PHYSICAL DESCRIPTION
Extent 199पृ.
Dimensions 22सेमी (सजिल्द)
650 ## - SUBJECT ADDED ENTRY--TOPICAL TERM
Topical term or geographic name as entry element हिन्दी कथा साहित्य
650 ## - SUBJECT ADDED ENTRY--TOPICAL TERM
Topical term or geographic name as entry element Hindi Novel
700 ## - ADDED ENTRY--PERSONAL NAME
9 (RLIN) 22273
700 ## - ADDED ENTRY--PERSONAL NAME
9 (RLIN) 22352
942 ## - ADDED ENTRY ELEMENTS (KOHA)
Source of classification or shelving scheme Dewey Decimal Classification
Item type Hindi Books
Classification part
Call number suffix शर्माना
Holdings
Withdrawn status Lost status Not for loan Collection code Home library Current library Date acquired Source of acquisition Cost, normal purchase price Full call number Barcode Copy number Cost, replacement price Koha item type
      Fiction Andrews Gunj Andrews Gunj 22/07/2011 बल्यू बैरी/6362/25.3.11/79/15.3.11/31.3.11 245.00 उ शर्माना B-433678 1 245.00 Hindi Books
      Fiction Bawana Bawana 22/07/2011 बल्यू बैरी/6362/25.3.11/79/15.3.11/31.3.11 245.00 उ शर्माना B-433684 1 245.00 Hindi Books
      Fiction Central Jail Tihar Central Jail Tihar 22/07/2011 बल्यू बैरी/6362/25.3.11/79/15.3.11/31.3.11 245.00 उ शर्माना B-433674 1 245.00 Hindi Books
      Fiction Central Library Central Library 22/07/2011 बल्यू बैरी/6362/25.3.11/79/15.3.11/31.3.11 245.00 उ शर्माना B-433670 2 245.00 Hindi Books
      Fiction Central Library Central Library 22/07/2011 बल्यू बैरी/6362/25.3.11/79/15.3.11/31.3.11 245.00 उ शर्माना B-433671 2 245.00 Hindi Books
    Not For Loan Fiction D.B.Act.Division D.B.Act.Division 04/10/2010 DBAD / PUB 245.00 उ शर्माना HN-63085 1 245.00 Hindi Books
      Fiction Karol Bagh Karol Bagh 22/07/2011 बल्यू बैरी/6362/25.3.11/79/15.3.11/31.3.11 245.00 उ शर्माना B-433682 1 245.00 Hindi Books
      Fiction Narela Narela 22/07/2011 बल्यू बैरी/6362/25.3.11/79/15.3.11/31.3.11 245.00 उ शर्माना B-433683 1 245.00 Hindi Books
      Fiction Patel Nagar Patel Nagar 22/07/2011 बल्यू बैरी/6362/25.3.11/79/15.3.11/31.3.11 245.00 उ शर्माना B-433672 1 245.00 Hindi Books
      Fiction Patel Nagar Patel Nagar 22/07/2011 बल्यू बैरी/6362/25.3.11/79/15.3.11/31.3.11 245.00 उ शर्माना B-433685 1 245.00 Hindi Books
      Fiction Qila Rai Pithora Qila Rai Pithora 22/07/2011 बल्यू बैरी/6362/25.3.11/79/15.3.11/31.3.11 245.00 उ शर्माना B-433680 1 245.00 Hindi Books
      Fiction R.K.Puram-8 R.K.Puram-8 22/07/2011 बल्यू बैरी/6362/25.3.11/79/15.3.11/31.3.11 245.00 उ शर्माना B-433677 1 245.00 Hindi Books
      Fiction Sarojini Nagar Sarojini Nagar 22/07/2011 बल्यू बैरी/6362/25.3.11/79/15.3.11/31.3.11 245.00 उ शर्माना B-433675 2 245.00 Hindi Books
      Fiction Sarojini Nagar Sarojini Nagar 22/07/2011 बल्यू बैरी/6362/25.3.11/79/15.3.11/31.3.11 245.00 उ शर्माना B-433676 2 245.00 Hindi Books
      Fiction Sriniwas Puri Sriniwas Puri 22/07/2011 बल्यू बैरी/6362/25.3.11/79/15.3.11/31.3.11 245.00 उ शर्माना B-433679 1 245.00 Hindi Books
      Fiction Tri Nagar Tri Nagar 22/07/2011 बल्यू बैरी/6362/25.3.11/79/15.3.11/31.3.11 245.00 उ शर्माना B-433673 1 245.00 Hindi Books
      Fiction Vinoba Puri Vinoba Puri 22/07/2011 बल्यू बैरी/6362/25.3.11/79/15.3.11/31.3.11 245.00 उ शर्माना B-433681 1 245.00 Hindi Books

© Delhi Public Library
Hit Counter
free hit counter